000 00762nam a2200217 a 4500
005 20240924070252.0
008 130930s2011 mx r 000 0 spa d
020 _a9786074660364
035 _aUPN01000193292
049 _aCG
050 4 _aBJ58
_bC4.2 2011
100 1 _aCela Conde, Camilo José,
_d1946-
_934638
245 1 0 _aDe genes, dioses y tiranos :
_bla determinación biológica de la moral /
_cCamilio José Cela Conde ; pról. Carlos Castrodeza.
250 _a2a ed.
260 _aMéxico :
_bCentro de Estudios Filosóficos, Políticos y Sociales "Vicente Lombardo Toledano",
_c2011.
300 _axxiii, 214 p.
440 0 _aEslabones en el desarrollo de la ciencia
650 4 _aÉtica
_912720
650 4 _aBioética
_93958
905 _aLibro
999 _c165393
_d165393